[Event "Bogota Centro Comercial op 2nd"]
[Site "Bogota"]
[Date "2024.04.14"]
[Round "1"]
[White "Otalora Pacheco, Carlos Eduardo"]
[Black "Cotrino Torres, Lineth Sofia"]
[Result "1-0"]
[WhiteElo "2001"]
[BlackElo "1544"]
[PlyCount "80"]
[EventDate "2024.04.14"]
[EventType "swiss"]
[EventRounds "7"]
[EventCountry "COL"]
[SourceTitle "CB16_2024"]
[SourceDate "2024.04.17"]
[SourceVersion "1"]
[SourceVersionDate "2024.04.17"]
[SourceQuality "1"]

1. d4 d5 2. c4 e6 3. Nf3 Nf6 4. g3 Nc6 5. Bg2 Be7 6. 0-0 0-0 7. Nbd2 Re8 8. b3 Bb4 9. Bb2 Ne4 10. Rc1 Qf6 11. e3 Bd6 12. Qc2 Qf5 13. Nh4 Qf6 14. Nxe4 dxe4 15. Bxe4 Qh6 16. a3 f5 17. Bg2 Rf8 18. b4 Be7 19. Nf3 Bf6 20. d5 exd5 21. cxd5 Ne7 22. Nd4 c6 23. dxc6 bxc6 24. Nxc6 Nxc6 25. Bxc6 Rb8 26. Rfd1 Be6 27. Rd6 Be7 28. Rd2 Rbc8 29. b5 Rfd8 30. Rcd1 Rf8 31. a4 Bf6 32. Bd4 Rc7 33. Bc5 Re8 34. Bxe8 Be7 35. Bc6 Bxc5 36. Qxc5 g6 37. Rd8+ Kf7 38. Be8+ Kf6 39. Qxc7 Qf8 40. h4 Qa3 1-0

[Event "COL-chT"]
[Site "Risaralda"]
[Date "2023.11.22"]
[Round "6.2"]
[White "Otalora Pacheco, Carlos Eduardo"]
[Black "Arenas Vanegas, David"]
[Result "1/2-1/2"]
[WhiteElo "2177"]
[BlackElo "2405"]
[PlyCount "63"]
[EventDate "2023.11.19"]
[EventType "team-swiss"]
[EventRounds "7"]
[EventCountry "COL"]
[SourceTitle "CB49_2023"]
[SourceDate "2023.12.06"]
[SourceVersion "1"]
[SourceVersionDate "2023.12.06"]
[SourceQuality "1"]
[WhiteTeam "Boyaca"]
[BlackTeam "Antioquia"]
[WhiteTeamCountry "COL"]
[BlackTeamCountry "COL"]

1. d4 Nf6 2. Bf4 d5 3. e3 e6 4. c3 Bd6 5. Nd2 0-0 6. Bd3 c5 7. Bxd6 Qxd6 8. f4 b6 9. Ngf3 cxd4 10. cxd4 Ba6 11. Qe2 Bxd3 12. Qxd3 Nc6 13. 0-0 Rfc8 14. Rfc1 Rc7 15. a3 Rac8 16. Rc3 Ne7 17. Rac1 g6 18. Ne5 Kg7 19. Rxc7 Rxc7 20. Rc3 Ne4 21. Rxc7 Qxc7 22. Nxe4 dxe4 23. Qc4 Qd6 24. Qa4 Qc7 25. Qc4 Qd6 26. Qa4 f6 27. Nc4 Qc7 28. Qe8 Nd5 29. b3 Qe7 30. Qc6 f5 31. Kf1 h6 32. g3 1/2-1/2

[Event "Velez Rapid op 10th"]
[Site "Velez Santander"]
[Date "2023.11.06"]
[Round "8"]
[White "Otalora Pacheco, Carlos Eduardo"]
[Black "Palencia Morales, Wilson Guillermo"]
[Result "0-1"]
[WhiteElo "2177"]
[BlackElo "2158"]
[PlyCount "61"]
[EventDate "2023.11.06"]
[EventType "swiss (rapid)"]
[EventRounds "10"]
[EventCountry "COL"]
[SourceTitle "Mega2024 Update 01"]
[Source "Chessbase"]
[SourceDate "2023.11.12"]
[SourceVersion "1"]
[SourceVersionDate "2023.11.12"]
[SourceQuality "1"]

1. d4 d5 2. c4 dxc4 3. Nf3 Nf6 4. e3 e6 5. Bxc4 a6 6. Nc3 b5 7. Bb3 c5 8. 0-0 Bb7 9. Qe2 Nbd7 10. Rd1 Qc7 11. e4 cxd4 12. Nxd4 Be7 13. Bxe6 fxe6 14. Nxe6 Qe5 15. Nxg7+ Kf7 16. f4 Qc7 17. Nf5 Rag8 18. Ng3 h5 19. e5 Bc5+ 20. Kh1 h4 21. Nge4 Nxe4 22. Nxe4 h3 23. e6+ Kf8 24. exd7 hxg2+ 25. Qxg2 Rxh2+ 26. Kxh2 Rxg2+ 27. Kxg2 Bxe4+ 28. Kg3 Bd6 29. Be3 Qxd7 30. Rac1 Qg7+ 31. Kh3 0-1

[Event "Velez Rapid op 10th"]
[Site "Velez Santander"]
[Date "2023.11.06"]
[Round "9"]
[White "Otalora Pacheco, Carlos Eduardo"]
[Black "Ruiz Aguilar, Pablo Alexander"]
[Result "0-1"]
[WhiteElo "2177"]
[BlackElo "2162"]
[PlyCount "126"]
[EventDate "2023.11.06"]
[EventType "swiss (rapid)"]
[EventRounds "10"]
[EventCountry "COL"]
[SourceTitle "Mega2024 Update 01"]
[Source "Chessbase"]
[SourceDate "2023.11.12"]
[SourceVersion "1"]
[SourceVersionDate "2023.11.12"]
[SourceQuality "1"]

1. d4 d5 2. c4 c6 3. Nf3 Nf6 4. Nc3 e6 5. g3 Nbd7 6. Bg2 a6 7. Nd2 b5 8. b3 Bb4 9. Bb2 0-0 10. 0-0 bxc4 11. bxc4 a5 12. e4 Ba6 13. Re1 dxc4 14. a3 Be7 15. Bf1 c5 16. d5 Ne5 17. Na4 Nd3 18. Bxd3 cxd3 19. d6 Qxd6 20. e5 Qc6 21. exf6 Bxf6 22. Bxf6 gxf6 23. Qg4+ Kh8 24. Qh4 Rg8 25. Qxf6+ Rg7 26. Nc3 Kg8 27. Rab1 c4 28. Qd4 Rc8 29. Rb6 Qa8 30. Reb1 Re8 31. Qd6 Bc8 32. Qc7 f5 33. Qe5 Bd7 34. Rb7 Rf7 35. Rc7 Bc6 36. Rxf7 Kxf7 37. Nb5 Bxb5 38. Rxb5 Qc6 39. Rc5 Qa4 40. Rxc4 Qd1+ 41. Nf1 Re7 42. Rd4 d2 43. Rxd2 Qf3 44. Rc2 Qxa3 45. Rc7 Qb4 46. Rc5 a4 47. Ra5 a3 48. Ne3 Rd7 49. Ra6 Qb3 50. Kg2 Qb7+ 51. Kh3 Qxa6 52. Qh8 a2 53. Qxh7+ Ke8 54. Qg8+ Ke7 55. Qg7+ Kd8 56. Qf8+ Kc7 57. Qc5+ Kb7 58. Qb4+ Ka8 59. Qf8+ Ka7 60. Qc5+ Kb7 61. Qb4+ Qb6 62. Qa4 Rh7+ 63. Kg2 Qc6+ 0-1

[Event "Velez Rapid op 10th"]
[Site "Velez Santander"]
[Date "2023.11.06"]
[Round "3"]
[White "Rueda Rojas, Richard Alejandro"]
[Black "Otalora Pacheco, Carlos Eduardo"]
[Result "0-1"]
[WhiteElo "1876"]
[BlackElo "2177"]
[PlyCount "64"]
[EventDate "2023.11.06"]
[EventType "swiss (rapid)"]
[EventRounds "10"]
[EventCountry "COL"]
[SourceTitle "Mega2024 Update 01"]
[Source "Chessbase"]
[SourceDate "2023.11.12"]
[SourceVersion "1"]
[SourceVersionDate "2023.11.12"]
[SourceQuality "1"]

1. e4 e5 2. Nf3 Nc6 3. d4 exd4 4. Bc4 Nf6 5. e5 d5 6. Bb5 Ne4 7. Nxd4 Bd7 8. Bxc6 bxc6 9. 0-0 Bc5 10. f3 Ng5 11. Be3 0-0 12. f4 Ne4 13. Nd2 f5 14. c4 Qe7 15. cxd5 cxd5 16. Rc1 Bb6 17. Nxe4 dxe4 18. Qb3+ Kh8 19. Rfd1 Rad8 20. Bf2 h6 21. Qh3 Qf7 22. b3 Be6 23. Qg3 Rd7 24. Nxe6 Qxe6 25. Rxd7 Qxd7 26. Qc3 Rd8 27. Bxb6 cxb6 28. h3 Kh7 29. Qc4 Qd2 30. Qf1 Qxa2 31. Rc3 Qd2 32. Qc4 Qxf4 0-1

[Event "Velez Rapid op 10th"]
[Site "Velez Santander"]
[Date "2023.11.06"]
[Round "5"]
[White "Vivas Zamora, Fabian Ernesto"]
[Black "Otalora Pacheco, Carlos Eduardo"]
[Result "1-0"]
[WhiteElo "2375"]
[BlackElo "2177"]
[PlyCount "59"]
[EventDate "2023.11.06"]
[EventType "swiss (rapid)"]
[EventRounds "10"]
[EventCountry "COL"]
[SourceTitle "Mega2024 Update 01"]
[Source "Chessbase"]
[SourceDate "2023.11.12"]
[SourceVersion "1"]
[SourceVersionDate "2023.11.12"]
[SourceQuality "1"]

1. e4 e5 2. Nf3 Nc6 3. d4 exd4 4. Nxd4 Bc5 5. Nb3 Bb6 6. Nc3 Nf6 7. Bg5 d6 8. Qd2 h6 9. Be3 Be6 10. 0-0-0 Qe7 11. Bb5 0-0 12. f3 Ne5 13. h4 Bxe3 14. Qxe3 a6 15. Be2 b5 16. g4 Nc4 17. Bxc4 bxc4 18. Nd4 c5 19. Nxe6 fxe6 20. g5 Nh5 21. gxh6 g6 22. Rhg1 Kh7 23. Rg5 Rab8 24. Rdg1 Qb7 25. Rxh5 Qxb2+ 26. Kd2 d5 27. exd5 Rbd8 28. Rb1 Qa3 29. Rb7+ Kh8 30. Qe5+ 1-0

[Event "Velez op 10th"]
[Site "Velez Santander"]
[Date "2023.11.02"]
[Round "3"]
[White "Brizuela Abreu, Ronald Jesus"]
[Black "Otalora Pacheco, Carlos Eduardo"]
[Result "1-0"]
[WhiteElo "2326"]
[BlackElo "2177"]
[PlyCount "52"]
[EventDate "2023.11.01"]
[EventType "swiss"]
[EventRounds "10"]
[EventCountry "COL"]
[SourceTitle "Mega2024 Update 01"]
[Source "Chessbase"]
[SourceDate "2023.11.12"]
[SourceVersion "1"]
[SourceVersionDate "2023.11.12"]
[SourceQuality "1"]

1. b3 e5 2. Bb2 Nc6 3. c4 Nf6 4. Nc3 d5 5. cxd5 Nxd5 6. e3 Nxc3 7. Bxc3 Bd6 8. Nf3 0-0 9. Be2 Qe7 10. 0-0 Re8 11. d3 Bf5 12. Qc1 Rad8 13. Rd1 Bc5 14. Ne1 Rd6 15. a3 Rh6 16. b4 Bd6 17. g3 e4 18. dxe4 Bxe4 19. Bf3 Qe6 20. Bxe4 Qxe4 21. Qd2 Qg4 22. Qd5 Rh3 23. b5 Rh5 24. Qd3 Ne5 25. Qf1 Nc4 26. a4 Ne5 1-0

[Event "COL-chT"]
[Site "Santa Marta"]
[Date "2022.11.04"]
[Round "5.1"]
[White "Otalora Pacheco, Carlos Eduardo"]
[Black "Mena Ardila, Alexander"]
[Result "1-0"]
[WhiteElo "2173"]
[BlackElo "1956"]
[PlyCount "63"]
[EventDate "2022.11.02"]
[EventType "team-swiss"]
[EventRounds "7"]
[EventCountry "COL"]
[SourceTitle "CBM 211 Extra"]
[Source "ChessBase"]
[SourceDate "2023.01.31"]
[SourceVersion "1"]
[SourceVersionDate "2023.01.31"]
[SourceQuality "1"]
[WhiteTeam "Boyaca"]
[BlackTeam "Arauca"]
[WhiteTeamCountry "COL"]
[BlackTeamCountry "COL"]

1. d4 Nf6 2. Nf3 e6 3. g3 d5 4. Bg2 Be7 5. 0-0 0-0 6. c4 dxc4 7. Qc2 c6 8. Qxc4 Qb6 9. b3 a5 10. Ba3 Bxa3 11. Nxa3 e5 12. Nxe5 Be6 13. Qd3 a4 14. Nac4 Qc7 15. b4 Nbd7 16. a3 Rfd8 17. Rac1 b5 18. Nxd7 Nxd7 19. Na5 Ne5 20. Qxb5 Rxd4 21. Nxc6 Nxc6 22. Rxc6 Qd8 23. Qe5 Rb8 24. h4 h6 25. Bf3 Rd2 26. Rfc1 Rc8 27. Kh2 Rxc6 28. Rxc6 Rd4 29. b5 g5 30. Ra6 gxh4 31. Ra8 Bc8 32. Rxc8 1-0

[Event "COL-chT Blitz"]
[Site "Santander"]
[Date "2022.09.10"]
[Round "4.2"]
[White "Otalora Pacheco, Carlos Eduardo"]
[Black "Martinez Zuluaica, Julian"]
[Result "0-1"]
[WhiteElo "2123"]
[BlackElo "2180"]
[PlyCount "92"]
[EventDate "2022.09.10"]
[EventType "team-swiss (blitz)"]
[EventRounds "9"]
[EventCountry "COL"]
[SourceTitle "EXT 2023"]
[Source "ChessBase"]
[SourceDate "2022.10.05"]
[SourceVersion "1"]
[SourceVersionDate "2022.10.05"]
[SourceQuality "1"]
[WhiteTeam "Boyaca"]
[BlackTeam "Santander"]
[WhiteTeamCountry "COL"]
[BlackTeamCountry "COL"]

1. d4 Nf6 2. c4 c5 3. d5 b5 4. cxb5 a6 5. bxa6 Bxa6 6. Nc3 d6 7. Nf3 g6 8. g3 Bg7 9. Bg2 0-0 10. Rb1 Nbd7 11. 0-0 Qa5 12. Qc2 Rfb8 13. b3 Bb7 14. Bd2 Qd8 15. Nh4 Nb6 16. e4 Ba6 17. Rfe1 Ng4 18. Bf1 Bd4 19. Nd1 Nd7 20. Bxa6 Rxa6 21. h3 Ngf6 22. Nf3 Ne5 23. Nxd4 cxd4 24. Kg2 Rc8 25. Qb2 Nd3 26. Qa1 Nxe1+ 27. Bxe1 Nxe4 28. Qxd4 f5 29. Nc3 Qb6 30. Qxb6 Rxb6 31. Nxe4 fxe4 32. a4 Rc2 33. Kf1 Ra2 34. a5 Rb5 35. b4 Kf7 36. Rd1 e6 37. dxe6+ Kxe6 38. Bc3 Ra3 39. Be1 d5 40. Rc1 d4 41. Rc6+ Kd5 42. Rc8 d3 43. Ra8 Ra1 44. a6 Kc4 45. a7 d2 46. Rc8+ Kb3 0-1

[Event "COL-chT Blitz"]
[Site "Santander"]
[Date "2022.09.10"]
[Round "7.2"]
[White "Otalora Pacheco, Carlos Eduardo"]
[Black "Ortiz Perez, Javier Augusto"]
[Result "1-0"]
[WhiteElo "2123"]
[BlackElo "2083"]
[PlyCount "66"]
[EventDate "2022.09.10"]
[EventType "team-swiss (blitz)"]
[EventRounds "9"]
[EventCountry "COL"]
[SourceTitle "EXT 2023"]
[Source "ChessBase"]
[SourceDate "2022.10.05"]
[SourceVersion "1"]
[SourceVersionDate "2022.10.05"]
[SourceQuality "1"]
[WhiteTeam "Boyaca"]
[BlackTeam "Santander Norgtech CA"]
[WhiteTeamCountry "COL"]
[BlackTeamCountry "COL"]

1. d4 Nf6 2. c4 c5 3. d5 b5 4. cxb5 a6 5. bxa6 Bxa6 6. Nc3 d6 7. Nf3 g6 8. g3 Bg7 9. Bg2 0-0 10. Rb1 Nbd7 11. 0-0 Ng4 12. Qc2 Nge5 13. Nxe5 Nxe5 14. b3 Qc7 15. a4 Rfb8 16. Rd1 Rb7 17. Bd2 Rab8 18. h3 c4 19. b4 Rxb4 20. Nb5 R4xb5 21. axb5 Bxb5 22. Bc3 h5 23. Rb2 Bd7 24. Rdb1 Rxb2 25. Qxb2 Bf5 26. e4 Bc8 27. Qb8 Qd7 28. Qb5 Qc7 29. Kh1 Nd3 30. Bxg7 Kxg7 31. Kh2 f6 32. f4 Kf7 33. Bf1 Bd7 1-0

[Event "COL-chT"]
[Site "Medellin"]
[Date "2021.12.09"]
[Round "1.1"]
[White "Otalora Pacheco, Carlos Eduardo"]
[Black "Carrillo Parra, Miguel Alfredo"]
[Result "1-0"]
[WhiteElo "2166"]
[BlackElo "2168"]
[PlyCount "102"]
[EventDate "2021.12.09"]
[EventType "team-swiss"]
[EventRounds "6"]
[EventCountry "COL"]
[SourceTitle "CBM 205 Extra"]
[Source "ChessBase"]
[SourceDate "2022.01.31"]
[SourceVersion "1"]
[SourceVersionDate "2022.01.31"]
[SourceQuality "1"]
[WhiteTeam "Boyaca"]
[BlackTeam "Atlantico Quintal"]
[WhiteTeamCountry "COL"]
[BlackTeamCountry "COL"]

1. d4 d5 2. c4 e6 3. Nc3 a6 4. cxd5 exd5 5. Bf4 Nf6 6. e3 Bd6 7. Be5 c6 8. Nf3 Bf5 9. Be2 0-0 10. 0-0 Ne4 11. Qb3 Ra7 12. Rfd1 Re8 13. Bd3 Nxc3 14. Qxc3 Bg4 15. Bxd6 Qxd6 16. Be2 Nd7 17. Rac1 Re6 18. Qc2 Bh5 19. Ne1 Bg6 20. Bd3 Ra8 21. Bxg6 hxg6 22. Nd3 Nf6 23. Qc5 Qc7 24. h3 Rd8 25. b4 g5 26. Ne5 Ne4 27. Qc2 Rf6 28. Ng4 Re6 29. Ne5 Qe7 30. Qb2 Rh6 31. a4 Nd6 32. Qb3 f6 33. Ng4 Rh7 34. Qd3 Qe8 35. Rc2 Qf7 36. Rdc1 Re8 37. Rc5 Rh4 38. b5 axb5 39. axb5 Nxb5 40. Rxb5 cxb5 41. Qxb5 Rd8 42. Qb6 Re8 43. Rc7 Re7 44. Rc8+ Re8 45. Rc7 Re7 46. Rc8+ Kh7 47. Qb1+ f5 48. Rb8 Rc7 49. Ne5 Qe6 50. Qb4 Qe7 51. Rh8+ Kxh8 1-0

[Event "Puerto Rico Inv"]
[Site "Caguas"]
[Date "2021.05.02"]
[Round "4"]
[White "Vazquez Maccarini, Danitza"]
[Black "Otalora Pacheco, Carlos Eduardo"]
[Result "1/2-1/2"]
[WhiteElo "2090"]
[BlackElo "2166"]
[PlyCount "95"]
[EventDate "2021.04.30"]
[EventType "swiss"]
[EventRounds "5"]
[EventCountry "PUR"]
[SourceTitle "EXT 2023"]
[Source "ChessBase"]
[SourceDate "2022.10.05"]
[SourceVersion "1"]
[SourceVersionDate "2022.10.05"]
[SourceQuality "1"]

1. e4 e5 2. Nf3 Nf6 3. Nxe5 d6 4. Nf3 Nxe4 5. c3 d5 6. d4 Bd6 7. Bd3 0-0 8. 0-0 Bg4 9. h3 Bh5 10. Nbd2 Bg6 11. Qc2 Nxd2 12. Bxd2 c6 13. Ng5 Be7 14. Bxg6 hxg6 15. f4 Nd7 16. Rae1 Re8 17. Be3 Bxg5 18. fxg5 Nb6 19. b3 Qd7 20. Qf2 Re4 21. Bf4 Rae8 22. Be5 Rxe1 23. Rxe1 Re6 24. Bb8 Nc8 25. Qg3 Rxe1+ 26. Qxe1 a6 27. Qe5 Qe7 28. Kf2 f6 29. gxf6 gxf6 30. Qc7 Qxc7 31. Bxc7 Kf7 32. h4 f5 33. Kf3 Ne7 34. Kf4 Ng8 35. Bd8 Nh6 36. h5 Ng4 37. hxg6+ Kxg6 38. Bh4 Kh5 39. Be1 Kg6 40. a4 Kf6 41. Bh4+ Ke6 42. a5 Nh6 43. c4 Nf7 44. c5 Nh6 45. Kg5 Ng4 46. Kf4 Nh6 47. Kg5 Ng4 48. Kf4 1/2-1/2

[Event "Puerto Rico Inv"]
[Site "Caguas"]
[Date "2021.05.01"]
[Round "2"]
[White "Fuentes, Adrian"]
[Black "Otalora Pacheco, Carlos Eduardo"]
[Result "0-1"]
[WhiteElo "2186"]
[BlackElo "2166"]
[PlyCount "88"]
[EventDate "2021.04.30"]
[EventType "swiss"]
[EventRounds "5"]
[EventCountry "PUR"]
[SourceTitle "EXT 2023"]
[Source "ChessBase"]
[SourceDate "2022.10.05"]
[SourceVersion "1"]
[SourceVersionDate "2022.10.05"]
[SourceQuality "1"]

1. e4 c5 2. Nf3 Nc6 3. d4 cxd4 4. Nxd4 g6 5. Nc3 Bg7 6. Be3 Nf6 7. Bc4 0-0 8. Bb3 d5 9. exd5 Na5 10. 0-0 Nxb3 11. Nxb3 b6 12. Qd2 Bb7 13. Rad1 Qc7 14. Qe2 Qc8 15. Rfe1 Re8 16. a4 e6 17. dxe6 Rxe6 18. a5 Qc6 19. Qf1 Ng4 20. Bd4 Qc7 21. f4 Bxd4+ 22. Rxd4 Ne3 23. Qf2 Rae8 24. axb6 axb6 25. Nb5 Qb8 26. Nd6 Nxg2 27. Rxe6 Rxe6 28. Nxb7 Qxb7 29. Rd8+ Kg7 30. Qd4+ Kh6 31. f5 Re4 32. Qd2+ Ne3 33. Rd4 g5 34. Rd6+ Kh5 35. Qe2+ Rg4+ 36. Kf2 Nxf5 37. Rf6 Qg2+ 38. Ke1 Qh1+ 39. Kd2 Qd5+ 40. Kc3 Nd4 41. Nxd4 Qxd4+ 42. Kb3 Qa4+ 43. Kc3 Qb4+ 44. Kd3 Qd4# 0-1

[Event "Puerto Rico Inv"]
[Site "Caguas"]
[Date "2021.04.30"]
[Round "1"]
[White "Otalora Pacheco, Carlos Eduardo"]
[Black "Gonzalez Soto, Pedro Jose"]
[Result "1/2-1/2"]
[WhiteElo "2166"]
[BlackElo "1878"]
[PlyCount "43"]
[EventDate "2021.04.30"]
[EventType "swiss"]
[EventRounds "5"]
[EventCountry "PUR"]
[SourceTitle "EXT 2023"]
[Source "ChessBase"]
[SourceDate "2022.10.05"]
[SourceVersion "1"]
[SourceVersionDate "2022.10.05"]
[SourceQuality "1"]

1. c4 Nf6 2. Nf3 g6 3. Nc3 Bg7 4. d4 d5 5. cxd5 Nxd5 6. e4 Nxc3 7. bxc3 c5 8. Be3 Nc6 9. Be2 Bg4 10. e5 cxd4 11. cxd4 Qa5+ 12. Kf1 Rd8 13. Nd2 Bxe2+ 14. Qxe2 0-0 15. Nb3 Qd5 16. Rc1 a5 17. Rc4 a4 18. Rxa4 Ra8 19. Rc4 Rxa2 20. Qxa2 Qxc4+ 21. Kg1 Rd8 22. Qb1 1/2-1/2

[Event "Bogota Navidad op"]
[Site "Bogota"]
[Date "2019.12.07"]
[Round "4"]
[White "Pereira Vera, Henry Alberto"]
[Black "Otalora Pacheco, Carlos Eduardo"]
[Result "0-1"]
[WhiteElo "1828"]
[BlackElo "2193"]
[PlyCount "50"]
[EventDate "2019.12.05"]
[EventType "swiss"]
[EventRounds "7"]
[EventCountry "COL"]
[SourceTitle "CBM 193 Extra"]
[Source "ChessBase"]
[SourceDate "2020.01.31"]
[SourceVersion "1"]
[SourceVersionDate "2020.01.31"]
[SourceQuality "1"]

1. b3 d5 2. Bb2 Nf6 3. Nf3 e6 4. c4 Be7 5. e3 0-0 6. Be2 b6 7. 0-0 c5 8. d4 Bb7 9. Nc3 Nbd7 10. Rc1 Rc8 11. Qc2 dxc4 12. Bxc4 Bxf3 13. gxf3 cxd4 14. exd4 Nh5 15. Qe4 Bg5 16. Qg4 Bxc1 17. Rxc1 Nhf6 18. Qh3 Nd5 19. Kh1 Nxc3 20. Bxc3 Nf6 21. Rg1 g6 22. Qh6 b5 23. Bd2 Qxd4 24. Bg5 bxc4 25. Rg3 Qxf2 0-1

[Event "Bogota Navidad op"]
[Site "Bogota"]
[Date "2019.12.05"]
[Round "1"]
[White "Otalora Pacheco, Carlos Eduardo"]
[Black "Acero Vargas, Cristian Camilo"]
[Result "1/2-1/2"]
[WhiteElo "2193"]
[BlackElo "1672"]
[PlyCount "55"]
[EventDate "2019.12.05"]
[EventType "swiss"]
[EventRounds "7"]
[EventCountry "COL"]
[SourceTitle "CBM 193 Extra"]
[Source "ChessBase"]
[SourceDate "2020.01.31"]
[SourceVersion "1"]
[SourceVersionDate "2020.01.31"]
[SourceQuality "1"]

1. d4 Nf6 2. c4 c5 3. d5 b5 4. cxb5 a6 5. bxa6 g6 6. Nc3 Bg7 7. g3 d6 8. Bg2 0-0 9. Nf3 Bxa6 10. 0-0 Qb6 11. Qc2 Nbd7 12. Rb1 Rfb8 13. b3 Bb7 14. Nh4 Ne5 15. Bd2 e6 16. dxe6 fxe6 17. Rfd1 Bxg2 18. Nxg2 Nc6 19. Na4 Qb7 20. Bf4 e5 21. Be3 Nd4 22. Bxd4 cxd4 23. e3 Nd5 24. exd4 exd4 25. Ne1 Rc8 26. Qd2 Nc3 27. Nxc3 dxc3 28. Qc2 1/2-1/2

[Event "COL-chT rapid"]
[Site "Cartagena"]
[Date "2019.11.29"]
[Round "2.2"]
[White "Garavito, Miguel Angel"]
[Black "Otalora Pacheco, Carlos Eduardo"]
[Result "0-1"]
[WhiteElo "2217"]
[BlackElo "2233"]
[PlyCount "119"]
[EventDate "2019.11.29"]
[EventType "team-swiss"]
[EventRounds "7"]
[EventCountry "COL"]
[SourceTitle "CBM 193 Extra"]
[Source "ChessBase"]
[SourceDate "2020.01.31"]
[SourceVersion "1"]
[SourceVersionDate "2020.01.31"]
[SourceQuality "1"]
[WhiteTeam "Tolima"]
[BlackTeam "Boyaca"]
[WhiteTeamCountry "COL"]
[BlackTeamCountry "COL"]

1. d4 d5 2. Nf3 Nf6 3. c4 c6 4. Nc3 e6 5. Bg5 h6 6. Bxf6 Qxf6 7. e3 Nd7 8. Bd3 dxc4 9. Bxc4 g6 10. 0-0 Bg7 11. e4 0-0 12. e5 Qe7 13. Re1 b6 14. Rc1 Bb7 15. Qd2 Rfd8 16. Qf4 Kh7 17. h4 Rab8 18. a3 Nf8 19. Ne4 c5 20. dxc5 Bxe4 21. Qxe4 bxc5 22. b3 Nd7 23. h5 Nf8 24. Red1 Kg8 25. hxg6 Nxg6 26. Re1 Rd7 27. a4 Rbd8 28. Qe3 Bf8 29. g3 Bg7 30. Kg2 Rc7 31. Rh1 Qf8 32. Qe4 Qe8 33. Bb5 Qe7 34. Rc2 c4 35. Bxc4 Rc5 36. Rh5 a5 37. Re2 Rb8 38. Qe3 Rbc8 39. Rd2 Qb7 40. Kg1 Qc7 41. Re2 Rd8 42. Qe4 Qc6 43. Qe3 Rd1+ 44. Kh2 Nxe5 45. Rxe5 Rxe5 46. Qf4 Rh5+ 47. Kg2 Rf5 48. Qe4 Qxe4 49. Rxe4 Bc3 50. Re3 Bb4 51. g4 Rf4 52. Ne5 Bc5 53. Rf3 Rxf3 54. Kxf3 Kg7 55. Nd3 Bd6 56. Ke2 Rh1 57. f3 Kf8 58. Ke3 Ke7 59. Nf2 Bc5+ 60. Ke4 0-1

[Event "COL-chT rapid"]
[Site "Cartagena"]
[Date "2019.11.29"]
[Round "4.2"]
[White "Guayara Diaz, William Alonso"]
[Black "Otalora Pacheco, Carlos Eduardo"]
[Result "0-1"]
[WhiteElo "1957"]
[BlackElo "2233"]
[PlyCount "46"]
[EventDate "2019.11.29"]
[EventType "team-swiss"]
[EventRounds "7"]
[EventCountry "COL"]
[SourceTitle "CBM 193 Extra"]
[Source "ChessBase"]
[SourceDate "2020.01.31"]
[SourceVersion "1"]
[SourceVersionDate "2020.01.31"]
[SourceQuality "1"]
[WhiteTeam "Narino"]
[BlackTeam "Boyaca"]
[WhiteTeamCountry "COL"]
[BlackTeamCountry "COL"]

1. d4 d5 2. Bf4 Nf6 3. e3 c5 4. c3 e6 5. Nd2 Nc6 6. Bd3 Bd6 7. Bxd6 Qxd6 8. f4 cxd4 9. cxd4 Bd7 10. a3 0-0 11. Ngf3 Ne8 12. Bxh7+ Kxh7 13. Ng5+ Kg6 14. Qg4 f5 15. Qg3 Kf6 16. Qh4 Kg6 17. Qh7+ Kf6 18. Qh4 Kg6 19. Ndf3 Nf6 20. Ne5+ Nxe5 21. dxe5 Qb6 22. exf6 Qxe3+ 23. Kf1 Bb5# 0-1

[Event "COL-chT rapid"]
[Site "Cartagena"]
[Date "2019.11.29"]
[Round "7.2"]
[White "Otalora Pacheco, Carlos Eduardo"]
[Black "Barrientos Chavarriaga, Sergio E"]
[Result "0-1"]
[WhiteElo "2233"]
[BlackElo "2429"]
[PlyCount "156"]
[EventDate "2019.11.29"]
[EventType "team-swiss"]
[EventRounds "7"]
[EventCountry "COL"]
[SourceTitle "CBM 193 Extra"]
[Source "ChessBase"]
[SourceDate "2020.01.31"]
[SourceVersion "1"]
[SourceVersionDate "2020.01.31"]
[SourceQuality "1"]
[WhiteTeam "Boyaca"]
[BlackTeam "Risaralda"]
[WhiteTeamCountry "COL"]
[BlackTeamCountry "COL"]

1. d4 Nf6 2. c4 e6 3. Nf3 Bb4+ 4. Bd2 a5 5. g3 d6 6. Bg2 Nbd7 7. 0-0 e5 8. Be3 exd4 9. Bxd4 0-0 10. Nc3 Re8 11. Rc1 Bc5 12. e3 h6 13. Na4 Bxd4 14. Nxd4 Qe7 15. Nb5 Ne5 16. c5 d5 17. Nd4 Bg4 18. Qc2 c6 19. Nb6 Rad8 20. f3 Be6 21. b3 Ned7 22. Nxd7 Nxd7 23. Qc3 Ra8 24. Rfe1 Nf6 25. a3 Bd7 26. h4 Qe5 27. Kf2 Re7 28. Ne2 Qc7 29. Nf4 Bf5 30. Bf1 Rae8 31. Qd4 Nd7 32. Bd3 Bxd3 33. Nxd3 Nf8 34. Nf4 Ne6 35. Nxe6 fxe6 36. Kg2 e5 37. Qd2 Rf7 38. Rf1 Ref8 39. Rf2 Rf6 40. Rcf1 Rg6 41. e4 Qe7 42. h5 Rg5 43. exd5 Rf4 44. g4 Qd7 45. Kg1 cxd5 46. Rg2 Qb5 47. Qxd5+ Kh8 48. a4 Qb4 49. Qd8+ Kh7 50. Qd3+ e4 51. Qe3 exf3 52. Rxf3 Rd4 53. Qc3 Qxc3 54. Rxc3 Rdxg4 55. Rxg4 Rxg4+ 56. Kf2 Rg5 57. c6 bxc6 58. Rxc6 Rxh5 59. Rb6 Rh3 60. Ke2 g5 61. Kd2 g4 62. b4 axb4 63. Rxb4 h5 64. Ke2 Kg6 65. Kf2 Ra3 66. Kg2 Kg5 67. Rb5+ Kh4 68. a5 Ra2+ 69. Kg1 g3 70. Rb4+ Kh3 71. Rb1 Rxa5 72. Rc1 Rd5 73. Rb1 h4 74. Ra1 Rd4 75. Rb1 Kg4 76. Rc1 h3 77. Kh1 Rd3 78. Rg1 h2 0-1

[Event "Barcelona Sants op 21st"]
[Site "Barcelona"]
[Date "2019.08.24"]
[Round "2"]
[White "Martinez Romero, Martin"]
[Black "Otalora Pacheco, Carlos Eduardo"]
[Result "1-0"]
[WhiteElo "2418"]
[BlackElo "2197"]
[PlyCount "49"]
[EventDate "2019.08.23"]
[EventType "swiss"]
[EventRounds "10"]
[EventCountry "ESP"]
[SourceTitle "EXT 2020"]
[Source "ChessBase"]
[SourceDate "2019.10.17"]
[SourceVersion "1"]
[SourceVersionDate "2019.10.17"]
[SourceQuality "1"]

1. g3 Nf6 2. Bg2 e6 3. Nf3 d5 4. 0-0 Be7 5. c4 0-0 6. b3 c5 7. Bb2 Nc6 8. e3 d4 9. exd4 cxd4 10. Re1 Bd6 11. d3 e5 12. a3 a5 13. Nbd2 Ne8 14. c5 Bc7 15. Nc4 f6 16. b4 Be6 17. b5 Ne7 18. b6 Bb8 19. Nxd4 Bd5 20. Bxd5+ Qxd5 21. Ne3 Qf7 22. Ndf5 Nc6 23. Qa4 Kh8 24. Qc4 Qh5 25. h4 1-0